| 000 | 00997nam a2200265Ia 4500 | ||
|---|---|---|---|
| 003 | OSt | ||
| 005 | 20221005104303.0 | ||
| 006 | a|||||r|||| 00| 0 | ||
| 007 | ta | ||
| 008 | 221004b |||||||| |||| 00| 0 san d | ||
| 020 |
_a9788177023404 (hbk) _c595 |
||
| 024 | _a14894 | ||
| 037 |
_b48, 30/10/2014, Mallika Books _cTextual |
||
| 040 |
_aCRL _cCRL _bsan |
||
| 041 |
_2san _asan |
||
| 082 | _aO15v, 152Q4 | ||
| 100 | _aशुक्ला, रेखा | ||
| 245 | 0 | _aसंस्कृत साहित्य के इतिहास लेखन की परम्परा | |
| 246 | _aSanskṛut sāhitya ke itihās lekhan kī paramparā | ||
| 260 |
_aदिल्ली _bप्रतिभा प्रकाशन भारत _c2014 |
||
| 300 |
_a200पृ0 _ccm. |
||
| 650 | _aसंस्कृत साहित्य | ||
| 942 |
_hO15v, 152Q4 _cTEXL _2cc |
||
| 999 |
_c1012274 _d1012274 |
||